Dino Supersaurios: (Record no. 24677)
[ view plain ]
| 000 -LEADER | |
|---|---|
| fixed length control field | 00413 a2200181 4500 |
| 001 - CONTROL NUMBER | |
| control field | sjds |
| 003 - CONTROL NUMBER IDENTIFIER | |
| control field | sjds |
| 005 - DATE AND TIME OF LATEST TRANSACTION | |
| control field | 20240207120659.0 |
| 008 - FIXED-LENGTH DATA ELEMENTS--GENERAL INFORMATION | |
| fixed length control field | 240207b |||||||| |||| 00| 0 spa d |
| 020 ## - INTERNATIONAL STANDARD BOOK NUMBER | |
| International Standard Book Number | 9781472375216 |
| 020 ## - INTERNATIONAL STANDARD BOOK NUMBER | |
| International Standard Book Number | 1472375211 |
| 040 ## - CATALOGING SOURCE | |
| Transcribing agency | sjds |
| 041 ## - LANGUAGE CODE | |
| Language code of text/sound track or separate title | spa |
| 245 10 - TITLE STATEMENT | |
| Title | Dino Supersaurios: |
| Remainder of title | Pasatiempos Megasaurios |
| 260 ## - PUBLICATION, DISTRIBUTION, ETC. (IMPRINT) | |
| Name of publisher, distributor, etc. | Parragon Books |
| Date of publication, distribution, etc. | [2015] |
| 300 ## - PHYSICAL DESCRIPTION | |
| Extent | 128 pages |
| 942 ## - ADDED ENTRY ELEMENTS (KOHA) | |
| Koha item type | Libro/Book |
| Withdrawn status | Lost status | Damaged status | Not for loan | Home library | Current library | Date acquired | Inventory number | Total Checkouts | Full call number | Barcode | Date last seen | Price effective from | Koha item type | Date checked out |
|---|---|---|---|---|---|---|---|---|---|---|---|---|---|---|
| Barbudos -- Satellite | Barbudos -- Satellite | 16/08/2020 | JI | 35801956 | 16/02/2022 | 16/08/2020 | Libro/Book | |||||||
| Capulin -- Satellite | Capulin -- Satellite | 10/08/2020 | Inventory date: 7/7/25 | JI | 35101953 | 10/08/2020 | 10/08/2020 | Libro/Book | ||||||
| Carrizal -- Satellite | Carrizal -- Satellite | 12/07/2020 | Inventory date: 13-1-25 | JI | 3700383 | 12/07/2020 | 12/07/2020 | Libro/Book | ||||||
| Genizero -- Satellite | Genizero -- Satellite | 15/08/2020 | 1 | JI | 35601956 | 05/01/2023 | 15/08/2020 | Libro/Book | 25/08/2021 | |||||
| Las Brisas 1 -- Satellite | Las Brisas 1 -- Satellite | 24/07/2020 | JI | 40002199 | 24/07/2020 | 24/07/2020 | Libro/Book | |||||||
| Las Brisas 2 -- Satellite | Las Brisas 2 -- Satellite | 22/07/2020 | JI | 40102220 | 22/07/2020 | 22/07/2020 | Libro/Book | |||||||
| Monte Cristo -- Satellite | Monte Cristo -- Satellite | 23/08/2020 | JI | 40202165 | 23/08/2020 | 23/08/2020 | Libro/Book | |||||||
| Zaragoza -- Satellite | Zaragoza -- Satellite | 29/07/2020 | JI | 35501969 | 29/07/2020 | 29/07/2020 | Libro/Book |